000 00323nam a22001337a 4500
020 _a978-93-88163-76-7
082 _a894.812.3
_b894.812.3
100 _aVATSALA, P
245 _aPALAYAM
260 _aKOTTAYAM
_bSAHITHYA PRAVARTHAKA CO-OPERATIVE SOCIETY
300 _a280
650 _aMALAYALAM NOVEL
_zKERALA
942 _cBK
999 _c7152
_d7152